000 00271nam a22001217a 4500
082 _a823
_bCRO/M
100 _aCROMPTON, RICHMAL
245 _aMEET JUST WILLIAM
260 _aLONDON
_bMACMILLAN CHILDREN'S BOOKS
_c1999
300 _a75
520 _aSHORT STORY
942 _cBK
999 _c6470
_d6470